| 000 | 00745nam a2200181 i 4500 | ||
|---|---|---|---|
| 001 | 21926 | ||
| 003 | ES-MaACL | ||
| 005 | 20230906152555.0 | ||
| 007 | t| | ||
| 008 | 021128s1862 sp ||||1| spa d | ||
| 100 | 1 |
_aAldana, Lucas de. _919606 |
|
| 245 | 1 | 0 |
_aMemoria sobre los depósitos carboníferos de Utrillas y Gargallo / _cLucas de Aldana. |
| 260 |
_aMadrid : _b[s.n.], _c1862 ( _fOficina tipográfica del Hospicio) |
||
| 300 |
_a28 p., [2] h. pleg. de lám., [1] h. pleg. de mapa ; _c22 cm. |
||
| 650 | 4 |
_aCarbón- _xGeología- _zTeruel (Provincia) _9156098 |
|
| 852 |
_aES-MaACL _jT-191-F-4 |
||
| 852 |
_aES-MaACL _jT-892-F-8 _z.- Sello del Ministerio de Fomento, Depósito de Libros _z.- Enc. en un vol. facticio conservando la cub. original |
||
| 999 |
_c21926 _d21926 |
||